| 000 | 01803cad a22002535a 4500 | ||
|---|---|---|---|
| 001 | L154806 | ||
| 008 | 120119s2011 xxk f 000 0 eng d | ||
| 020 | _a9780857298928 | ||
| 035 | _a(Sirsi) u154806 | ||
| 041 | 0 | _aeng | |
| 100 | 1 | _aTorgal, Fernando Pacheco | |
| 245 | 0 | 0 |
_aEco-efficient construction and building materials _h[electronic resource] |
| 250 | _a1st ed. | ||
| 260 |
_bSpringer Verlag _c2011 |
||
| 300 | _aeBook | ||
| 505 | 2 | _a1 Introduction -- 2 Toxicity of Construction and Building Materials -- 3 Energy -- 4 Construction and Demolition (C&D) Wastes -- 5 Binders and Concretes -- 6 Masonry Units -- 7 Cement Composites Reinforced with Vegetable Fibres -- 8 Earth Construction -- 9 Durability of Binder Materials -- 10 Nanotechnology Achievements -- 11 Selection Process | |
| 520 | _aThis ebook provides essential reading about materials for the construction industry in the twenty-first century. It covers the latest findings in the field, especially the toxicity aspects, embodied energy, construction and demolition wastes, the use of wastes in concrete, masonry units, materials reinforced with vegetable fibres, earth construction, the durability aspects, and also the importance of nanotechnology to the development of more environmentally-friendly materials. Based on more than nine hundred references, "Eco-efficient Construction and Building Materials" is of fundamental importance to academics, engineers and architects who are dedicated to the creation of a greener and more holistic construction industry. | ||
| 650 | 2 | 4 | _aEBOOK |
| 651 | 4 | _aInternational | |
| 690 | _aBuilding materials and defects | ||
| 700 | 1 | _aJalali, Said | |
| 856 | 4 | 0 |
_uhttps://www.vlebooks.com/ _zView on VLEbooks. Logins for members only from [email protected] |
| 942 | _n0 | ||
| 999 |
_c113166 _d113166 |
||